| 000 | 00408nam a2200157Ia 4500 | ||
|---|---|---|---|
| 008 | 230711s9999||||xx |||||||||||||| ||und|| | ||
| 041 | _aENG | ||
| 082 |
_a4 _bNA-B |
||
| 100 | _aNaughton,John | ||
| 245 | 2 | _aA brief history of the future the origin the internet | |
| 250 | _a1st Ed. | ||
| 260 |
_c1999 _aNew Delhi _bUniversity Science Press |
||
| 300 | _a320 | ||
| 650 | _aComputer Engineering | ||
| 942 | _cBK | ||
| 999 |
_c4894 _d4894 |
||